Foyez Ullah: Dhaka’s Tropical Expressive Architecture (Record no. 12768)

000 -LEADER
fixed length control field 00381 a2200133 4500
005 - DATE AND TIME OF LATEST TRANSACTION
control field 20240711153642.0
008 - FIXED-LENGTH DATA ELEMENTS--GENERAL INFORMATION
fixed length control field 240711b ||||| |||| 00| 0 eng d
020 ## - INTERNATIONAL STANDARD BOOK NUMBER
International Standard Book Number ‎ 9781946226327
082 ## - DEWEY DECIMAL CLASSIFICATION NUMBER
Classification number 720.29
100 ## - MAIN ENTRY--PERSONAL NAME
Personal name Oscar Riera Ojeda (Editor)
245 ## - TITLE STATEMENT
Title Foyez Ullah: Dhaka’s Tropical Expressive Architecture
260 ## - PUBLICATION, DISTRIBUTION, ETC. (IMPRINT)
Name of publisher, distributor, etc Oscar Riera Ojeda Publishers
Date of publication, distribution, etc 2022
942 ## - ADDED ENTRY ELEMENTS (KOHA)
Source of classification or shelving scheme
Holdings
Withdrawn status Lost status Source of classification or shelving scheme Damaged status Koha normalized classification for sorting Not for loan Permanent location Current location Date acquired Source of acquisition Cost, normal purchase price Full call number Barcode Date last seen Cost, replacement price Price effective from Koha item type
        720_920000000000000   BMS College of Architecture, Design and Planning BMS College of Architecture, Design and Planning 2024-07-11 1 8090.63 720.92 AR-UG3973 2024-07-11 10787.50 2024-07-11 B.PLAN
Copyright © 2025, The Librarian, Library and Information Centre, BMSCA D&P, Bengaluru. All Rights Reserved
web counter

Powered by Koha